Star Trek Movies and TV Series - Statistics

General Stats
  • This quiz has been taken 21 times
  • The average score is 17 of 24
Answer Stats
Hint Answer % Correct
1966–1969 Star Trek
94%
1993-1999 Deep Space 9
82%
2009 Star Trek (2009)
82%
1973–1975 The Animated Series
82%
1987-1994 The Next Generation
82%
1982 The Wrath of Khan
82%
1994 Generations
76%
1979 The Motion Picture
76%
1984 The Search for Spock
76%
1991 The Undiscovered Country
76%
1995-2001 Voyager
76%
2016 Beyond
71%
2001-2005 Enterprise
71%
1996 First Contact
71%
2013 Into Darkness
71%
2002 Nemesis
71%
1986 The Voyage Home
71%
2017- Discovery
65%
1998 Insurrection
65%
2020-2023 Picard
59%
1989 The Final Frontier
59%
2020 - Lower Decks
47%
2021 - Strange New Worlds
47%
2021 - Prodigy
41%
No matching quizzes found
Score Distribution
Percent of People with Each Score
Percentile by Number Answered
Your Score History
You have not taken this quiz